000 00546nam a2200181 i 4500
001 bg
100 1 _aROSIENNIK, Ludwik
245 0 _aProcesy integracyjne w rozwiniętym kapitalizmie a postęp techniczny /
_cLudwik Rosiennik.
260 _aWarszawa :
_bPaństwowe Wydaw. Naukowe,
_c1976.
300 _a270,[1] s. :
_btabl. ;
_c19 cm.
504 _aBibliogr. s.265-269.
650 9 _aIntegracja gospodarcza
_xekonomia
040 _cBPK
041 _apl
080 _a330.34:339.92
942 _cKS
008 s pl f |000 0 pol
999 _c35347
_d35347
856 _uhttp://koha.tu.koszalin.pl/cgi-bin/koha/opac-detail.pl?biblionumber=35347
_yKatalog online BPK